01454cam a22004094i 4500003000900000005001700009008004100026020001500067035002700082040003300109082001800142100003400160245014300194264006500337300007600402336002100478337002500499338002300524490003600547504004800583505020400631526001000835526001000845526001000855526001000865526000800875526000800883526000800891526000800899526000800907526000800915526000800923650002800931650002500959650002500984700003501009PE-LiUPU20250731173006.0150623s r 000 0 d a0805420177 a(Sirsi) i9780805420173 aPE-LiUPUbspacPE-LiUPUerda04a254bM12I2211 aMartin, Glen,d1953-,eautor.14aThe Issachar factor :bunderstanding trends that confront your church and designing a strategy for success /cGlen Martin y Gary McIntosh. 1aNashville, Tennessee :bBroadman & Holman Publishers,c1994. a207 páginas :bilustraciones, cuadros, gráficos ;c23 centímetros atext2rdacontent aunmediated2rdamedia avolume2rdacarrier0 aA Professional Development Book aBibliografía al final de cada cápitulo.0 aMinistry.- Prayer.- Worship.- Leadership.- administration.- Staffing.- Outreach.- Assimilation.- Children`s Ministry.- Youth Ministry.- Single`s Ministry.- Christian Education.- Good News.- Bad News. aSEG42 aSEG41 aSEG40 aSEG39 aP94 aP87 aP86 aP85 aP77 aP76 aP3504aCrecimiento de iglesia.04aLiderazgo cristiano.04aTeología pastoral.1 aMcIntosh,Gary,d1947-,eautor.